[Event "Rio Verde Goiano op"]
[Site "Rio Verde"]
[Date "2023.12.01"]
[Round "2"]
[White "Campos, Westerley Batista"]
[Black "Labussiere, Yago"]
[Result "0-1"]
[WhiteElo "1766"]
[BlackElo "2182"]
[PlyCount "52"]
[EventDate "2023.12.01"]
[EventType "swiss"]
[EventRounds "6"]
[EventCountry "BRA"]
[SourceTitle "CB50_2023"]
[SourceDate "2023.12.13"]
[SourceVersion "1"]
[SourceVersionDate "2023.12.13"]
[SourceQuality "1"]

1. d4 Nf6 2. Nc3 d5 3. Bf4 g6 4. e3 Bg7 5. Be2 0-0 6. h3 c5 7. Nf3 Nc6 8. 0-0 Ne4 9. Nxe4 dxe4 10. Ne5 cxd4 11. exd4 Nxd4 12. Bc4 Be6 13. c3 Bxe5 14. Bxe5 Bxc4 15. Bxd4 Bxf1 16. Qxf1 Qc7 17. Qe2 e5 18. Be3 Qc6 19. Re1 Rfd8 20. Rf1 Rd7 21. f4 exf3 22. Rxf3 f5 23. Bh6 Qd5 24. Rf1 Rad8 25. g4 f4 26. h4 Qc5+ 0-1

[Event "Brasilia Terraviva op"]
[Site "Brasilia"]
[Date "2019.01.10"]
[Round "1"]
[White "Campos, Westerley Batista"]
[Black "Zallio, Luciano de Souza"]
[Result "0-1"]
[WhiteElo "1710"]
[BlackElo "2268"]
[PlyCount "114"]
[EventDate "2019.01.10"]
[EventType "swiss"]
[EventRounds "7"]
[EventCountry "BRA"]
[SourceTitle "EXT 2020"]
[Source "ChessBase"]
[SourceDate "2019.10.17"]
[SourceVersion "1"]
[SourceVersionDate "2019.10.17"]
[SourceQuality "1"]

1. d4 Nf6 2. Bf4 e6 3. Nf3 b6 4. e3 Bb7 5. h3 Be7 6. Nbd2 h6 7. a4 a6 8. Bd3 d6 9. c3 c5 10. Qe2 Nc6 11. Bc2 Qc7 12. Nc4 Rc8 13. dxc5 bxc5 14. 0-0 e5 15. Bh2 0-0 16. a5 Rcd8 17. Rfd1 Rfe8 18. Ba4 Rf8 19. Bc2 g6 20. Bb3 Kg7 21. Qc2 Nh7 22. Rd2 f5 23. Ra4 Nf6 24. Qb1 Ne4 25. Rd1 Bf6 26. Qa2 d5 27. Nb6 c4 28. Bc2 Na7 29. Nd4 Qe7 30. Ne2 Nc5 31. Rb4 Nc6 32. Nxd5 Rxd5 33. Rxc4 Rxd1+ 34. Bxd1 Qd6 35. Nd4 Qd5 36. Bf3 e4 37. Be2 Ne5 38. Bxe5 Bxe5 39. Qa3 Bd6 40. Rb4 Rf7 41. Rb6 Rd7 42. g3 Nd3 43. Qb3 Qxb3 44. Rxb3 Nc1 45. Rb6 Nxe2+ 46. Nxe2 Bc5 47. Rb3 Rd1+ 48. Kg2 Bd5 49. Rb8 Bc4 50. Rb7+ Kf6 51. Nd4 Bf1+ 52. Kh2 Bxd4 53. cxd4 Be2 54. Rb6+ Kg5 55. g4 Bf3 56. gxf5 Kh4 57. Rxg6 Rh1# 0-1

[Event "Florianopolis op 4th"]
[Site "Florianopolis"]
[Date "2018.01.21"]
[Round "4"]
[White "Carreras Colman, Luz Gabriela"]
[Black "Campos, Westerley Batista"]
[Result "0-1"]
[WhiteElo "1436"]
[BlackElo "1760"]
[PlyCount "88"]
[EventDate "2018.01.19"]
[EventType "swiss"]
[EventRounds "10"]
[EventCountry "BRA"]
[SourceTitle "EXT 2019"]
[Source "ChessBase"]
[SourceDate "2018.10.10"]
[SourceVersion "1"]
[SourceVersionDate "2018.10.10"]
[SourceQuality "1"]

1. d4 d5 2. Bf4 Bf5 3. Nf3 c6 4. e3 Nf6 5. h3 Ne4 6. Bd3 e6 7. c3 Be7 8. Qc2 g5 9. Bh2 Bg6 10. Ne5 Nd6 11. Nxg6 hxg6 12. Nd2 f5 13. Nf3 Nf7 14. Ne5 Nxe5 15. Bxe5 Bf6 16. Bh2 a5 17. a4 Nd7 18. Rb1 c5 19. dxc5 Nxc5 20. Bb5+ Kf8 21. f3 Rc8 22. Rd1 Qe7 23. e4 fxe4 24. fxe4 g4 25. Rf1 Kg7 26. e5 Bg5 27. Bf4 gxh3 28. gxh3 Bxf4 29. Rxf4 Qg5 30. Qf2 Qxe5+ 31. Kf1 Qxf4 32. Qxf4 Rhf8 33. Qxf8+ Rxf8+ 34. Kg2 Rf4 35. Re1 Kf6 36. Rf1 Rxf1 37. Kxf1 b6 38. Kf2 g5 39. Ke3 Ke5 40. b4 Ne4 41. bxa5 bxa5 42. c4 d4+ 43. Kf3 Nc5 44. Ke2 Kf4 0-1

[Event "Goiania-ch U2200"]
[Site "Goiania"]
[Date "2017.12.02"]
[Round "7.4"]
[White "Campos, Westerley Batista"]
[Black "Gattamorta, Julia Marzanatti"]
[Result "1-0"]
[WhiteElo "1746"]
[BlackElo "1626"]
[PlyCount "117"]
[EventDate "2017.11.25"]
[EventType "tourn"]
[EventRounds "9"]
[EventCountry "BRA"]
[SourceTitle "EXT 2022"]
[Source "ChessBase"]
[SourceDate "2021.10.06"]
[SourceVersion "1"]
[SourceVersionDate "2021.10.06"]
[SourceQuality "1"]

1. Nf3 Nf6 2. d4 g6 3. Bf4 Bg7 4. e3 d6 5. Be2 0-0 6. h3 Re8 7. c3 Nbd7 8. 0-0 Nh5 9. Bh2 Nhf6 10. a4 e5 11. dxe5 dxe5 12. Nxe5 Nxe5 13. Qxd8 Rxd8 14. Bxe5 Ne4 15. Bxc7 Re8 16. Rd1 Be6 17. Nd2 Rac8 18. Bh2 Nc5 19. Bf3 Re7 20. a5 Nd3 21. Bd6 Rd7 22. Ba3 Ne5 23. Be2 Rd5 24. a6 bxa6 25. Nf3 Nxf3+ 26. Bxf3 Rd7 27. Rxd7 Bxd7 28. Bd5 Rb8 29. Rd1 Be8 30. Bc4 Bb5 31. Bxb5 axb5 32. Rd7 a5 33. Bd6 Ra8 34. Rb7 Bf8 35. Bxf8 Kxf8 36. Rxb5 Ra7 37. Kf1 Ke7 38. Ke2 Kd6 39. Kd3 Kc6 40. c4 Rd7+ 41. Kc2 Ra7 42. h4 h5 43. e4 Re7 44. Kd3 Rd7+ 45. Ke3 Ra7 46. e5 Kd7 47. Ke4 Ke6 48. Rb6+ Ke7 49. c5 Rd7 50. c6 Rd8 51. Rb7+ Ke6 52. Rd7 Rc8 53. Rd6+ Ke7 54. Kd5 Ke8 55. Kc5 a4 56. f4 Ke7 57. Kd5 Rb8 58. Rd7+ Ke8 59. c7 1-0

[Event "Goiania-ch U2200"]
[Site "Goiania"]
[Date "2017.11.26"]
[Round "3.5"]
[White "Arruda Filho, Ivo Pereira de"]
[Black "Campos, Westerley Batista"]
[Result "1/2-1/2"]
[WhiteElo "1725"]
[BlackElo "1746"]
[PlyCount "155"]
[EventDate "2017.11.25"]
[EventType "tourn"]
[EventRounds "9"]
[EventCountry "BRA"]
[SourceTitle "EXT 2022"]
[Source "ChessBase"]
[SourceDate "2021.10.06"]
[SourceVersion "1"]
[SourceVersionDate "2021.10.06"]
[SourceQuality "1"]

1. Nf3 d5 2. d4 Nf6 3. Bf4 Nh5 4. Be5 Nd7 5. e3 Nxe5 6. dxe5 g6 7. Nc3 c6 8. Be2 f6 9. 0-0 Ng7 10. exf6 exf6 11. e4 dxe4 12. Qxd8+ Kxd8 13. Rad1+ Kc7 14. Nxe4 Ne8 15. Rfe1 Be6 16. Nd4 Bf7 17. a3 h6 18. b4 Rd8 19. c4 f5 20. Nc5 Bxc5 21. bxc5 Nf6 22. Bf3 Rhe8 23. Rxe8 Rxe8 24. h3 Nd7 25. g4 f4 26. Ne2 Ne5 27. Bh1 g5 28. Nd4 Nxc4 29. Nf5 h5 30. Ng7 Rh8 31. Re1 Kd7 32. Be4 hxg4 33. Bf5+ Kd8 34. Bxg4 Rg8 35. Nf5 Re8 36. Rd1+ Bd5 37. Ng7 Re5 38. Nf5 Nb2 39. Rb1 b5 40. cxb6 axb6 41. f3 Nc4 42. Nd4 Kc7 43. a4 Re3 44. Rd1 Nb2 45. Ra1 Nd3 46. Nf5 Re1+ 47. Rxe1 Nxe1 48. Kf2 Nd3+ 49. Ke2 Ne5 50. Ne7 Bb3 51. Nf5 Bxa4 52. Nd4 c5 53. Ne6+ Kd6 54. Nxg5 Bb5+ 55. Kd2 Nc4+ 56. Kc1 Ne3 57. h4 Ke5 58. h5 Nxg4 59. fxg4 Kf6 60. h6 Bd3 61. Nh3 f3 62. g5+ Kf7 63. Kd2 Bf5 64. Nf4 b5 65. Ke3 b4 66. Kxf3 b3 67. Ne2 Kg6 68. Kf4 Bd3 69. Nc3 Kf7 70. Ke3 Bg6 71. Kf4 Ke6 72. Ke3 Ke5 73. Kd2 Kd4 74. Ne2+ Ke4 75. Kc3 Kf3 76. Kxb3 Kxe2 77. Kc4 Ke3 78. Kxc5 1/2-1/2

[Event "Goiania-ch U2200"]
[Site "Goiania"]
[Date "2017.11.26"]
[Round "4.1"]
[White "Di Simoni, Rafaela Moura"]
[Black "Campos, Westerley Batista"]
[Result "0-1"]
[WhiteElo "1491"]
[BlackElo "1746"]
[PlyCount "84"]
[EventDate "2017.11.25"]
[EventType "tourn"]
[EventRounds "9"]
[EventCountry "BRA"]
[SourceTitle "EXT 2022"]
[Source "ChessBase"]
[SourceDate "2021.10.06"]
[SourceVersion "1"]
[SourceVersionDate "2021.10.06"]
[SourceQuality "1"]

1. e4 e6 2. Nf3 d5 3. Nc3 Nf6 4. e5 Nfd7 5. d4 c5 6. dxc5 Nc6 7. Bf4 Be7 8. Bd3 Nxc5 9. Be2 g5 10. Bg3 h5 11. h3 Bd7 12. Nd4 h4 13. Bh2 Qa5 14. Nxc6 Bxc6 15. 0-0 Qb4 16. Rb1 0-0-0 17. a3 Qb6 18. b4 Ne4 19. Nxe4 dxe4 20. Qc1 Qd4 21. Rd1 Qb6 22. c4 Ba4 23. Rxd8+ Rxd8 24. c5 Qc6 25. Qb2 Qd5 26. Rc1 Qd2 27. Qxd2 Rxd2 28. Bc4 a5 29. c6 axb4 30. cxb7+ Kxb7 31. axb4 Bxb4 32. Rb1 Rd1+ 33. Rxd1 Bxd1 34. Bb5 Kb6 35. Be8 Bh5 36. g4 Bg6 37. Kf1 Kc5 38. Ke2 Kd5 39. Ke3 Bc5+ 40. Ke2 Bd4 41. f3 Bxe5 42. fxe4+ Kxe4 0-1

[Event "Goiania FEXEG Cup"]
[Site "Goiania"]
[Date "2017.10.29"]
[Round "6"]
[White "Franca, Jairo"]
[Black "Campos, Westerley Batista"]
[Result "0-1"]
[WhiteElo "1617"]
[BlackElo "1782"]
[PlyCount "104"]
[EventDate "2017.10.27"]
[EventType "swiss"]
[EventRounds "6"]
[EventCountry "BRA"]
[SourceTitle "CBM 181 Extra"]
[Source "ChessBase"]
[SourceDate "2017.12.12"]
[SourceVersion "1"]
[SourceVersionDate "2017.12.12"]
[SourceQuality "1"]

1. Nf3 d5 2. b3 c5 3. Bb2 Nc6 4. e3 a6 5. c4 dxc4 6. bxc4 Bf5 7. Be2 Nb4 8. Na3 f6 9. 0-0 Nd3 10. Bc3 e5 11. Nh4 Be6 12. Qb1 Nb4 13. Rd1 g5 14. Bh5+ Bf7 15. Bxf7+ Kxf7 16. Nf5 Qd3 17. Qxd3 Nxd3 18. Rab1 Nb4 19. Rb2 Ne7 20. Nd6+ Ke6 21. Nxb7 Nec6 22. d4 cxd4 23. exd4 exd4 24. Re1+ Kf5 25. Bxb4 Bxb4 26. Nc2 Bxe1 27. Nxe1 Rab8 28. Nd6+ Ke6 29. Nb7 Ne5 30. Nc5+ Kd6 31. Ne4+ Ke7 32. Re2 Rhd8 33. Nxg5 fxg5 34. Rxe5+ Kf6 35. Re2 Re8 36. Rxe8 Rxe8 37. Kf1 Rc8 38. Nd3 Rxc4 39. g3 Ra4 40. Nc1 Ke5 41. Nd3+ Kd5 42. Nc1 g4 43. Kg2 Ke4 44. Kf1 Rc4 45. Nb3 Kd3 46. Kg2 Kc2 47. h3 h5 48. hxg4 hxg4 49. Na5 Rc3 50. Nb3 Rxb3 51. axb3 d3 52. Kf1 d2 0-1

[Event "Goiania FEXEG Cup"]
[Site "Goiania"]
[Date "2017.10.28"]
[Round "4"]
[White "Bocca, Edson Ricardo"]
[Black "Campos, Westerley Batista"]
[Result "1-0"]
[WhiteElo "1645"]
[BlackElo "1782"]
[PlyCount "171"]
[EventDate "2017.10.27"]
[EventType "swiss"]
[EventRounds "6"]
[EventCountry "BRA"]
[SourceTitle "CBM 181 Extra"]
[Source "ChessBase"]
[SourceDate "2017.12.12"]
[SourceVersion "1"]
[SourceVersionDate "2017.12.12"]
[SourceQuality "1"]

1. e4 e6 2. Nc3 d5 3. exd5 exd5 4. d4 Bd6 5. Nf3 Ne7 6. Be3 a6 7. Be2 f6 8. Qd2 Be6 9. 0-0 Nbc6 10. a3 g5 11. Ne1 Qd7 12. Bh5+ Ng6 13. b4 b5 14. Nd3 Qg7 15. h3 0-0 16. Rfe1 Bf7 17. Bf3 Nce7 18. Qd1 c6 19. Ne2 Nh4 20. Ng3 Nef5 21. Nxf5 Nxf5 22. c3 Nh4 23. Bh5 Ng6 24. Nc5 Nf4 25. Bxf4 Bxf4 26. Bxf7+ Qxf7 27. Ne6 Rfe8 28. Nxf4 gxf4 29. Qg4+ Kh8 30. Qxf4 Rg8 31. Re3 a5 32. Rae1 axb4 33. axb4 Ra3 34. Re7 Qg6 35. g3 Rxc3 36. R1e6 Rf8 37. Rc7 Qb1+ 38. Kg2 Qg6 39. Ree7 Rc4 40. Qh4 h6 41. Qh5 Rg8 42. Qxg6 Rxg6 43. Rc8+ Rg8 44. Rcc7 Rg6 45. h4 h5 46. Rh7+ Kg8 47. Rxh5 Rg7 48. Rc8+ Kf7 49. Rhh8 Rxd4 50. Rxc6 Rc4 51. Rhc8 Kg6 52. Kf3 Rxb4 53. Rc5 Rc4 54. Rxc4 dxc4 55. Rb8 Rc7 56. Rxb5 f5 57. Ke3 c3 58. Rb1 Kf6 59. Rc1 Ke5 60. f4+ Kf6 61. Kd3 Rg7 62. Rg1 Rc7 63. Rg2 Kg6 64. Rc2 Kh5 65. Rxc3 Rd7+ 66. Ke2 Kg4 67. Rd3 Ra7 68. Rd5 Kxg3 69. Rxf5 Kg4 70. Rf8 Rh7 71. Ke3 Rxh4 72. Ke4 Rh7 73. Rg8+ Kh5 74. f5 Re7+ 75. Kd5 Re1 76. f6 Rd1+ 77. Ke6 Re1+ 78. Kf7 Kh6 79. Rg2 Re3 80. Rh2+ Kg5 81. Kg7 Ra3 82. f7 Ra7 83. Kg8 Ra6 84. Rg2+ Kh5 85. f8Q Ra8 86. Qxa8 1-0

[Event "Goiania FEXEG Cup"]
[Site "Goiania"]
[Date "2017.10.27"]
[Round "2"]
[White "De Oliveira, Enzo Resende"]
[Black "Campos, Westerley Batista"]
[Result "1/2-1/2"]
[WhiteElo "1283"]
[BlackElo "1782"]
[PlyCount "220"]
[EventDate "2017.10.27"]
[EventType "swiss"]
[EventRounds "6"]
[EventCountry "BRA"]
[SourceTitle "CBM 181 Extra"]
[Source "ChessBase"]
[SourceDate "2017.12.12"]
[SourceVersion "1"]
[SourceVersionDate "2017.12.12"]
[SourceQuality "1"]

1. c4 f5 2. g3 c6 3. Bg2 g6 4. Nf3 Bg7 5. 0-0 Nf6 6. d4 0-0 7. Bf4 d6 8. Nbd2 Qe8 9. Ne1 Nbd7 10. e4 Nh5 11. Be3 f4 12. gxf4 Nxf4 13. Bxf4 Rxf4 14. Nd3 Rh4 15. Re1 c5 16. Nf3 Rh6 17. d5 e5 18. dxe6 Qxe6 19. Nf4 Qe7 20. Nd5 Qf8 21. Qd3 Nb6 22. Nxb6 axb6 23. Qd5+ Qf7 24. Qxf7+ Kxf7 25. Re2 Ra4 26. e5 dxe5 27. Nxe5+ Kf8 28. b3 Ra8 29. Rd1 Bxe5 30. Rxe5 Rh4 31. Rd8+ Kf7 32. Bd5+ Kf6 33. Re2 Rd4 34. Rd6+ Kg5 35. Rxb6 Bh3 36. Re1 Rxa2 37. Bg2 Bf5 38. Rxb7 h5 39. h3 Rdd2 40. Rf1 Bd3 41. Rf7 Bxf1 42. Bxf1 Rd1 43. Kg2 Rb1 44. Rf3 Raa1 45. Rg3+ Kf4 46. Rf3+ Ke5 47. Re3+ Kf6 48. Bd3 Rg1+ 49. Kf3 Rh1 50. Ke4 Ke6 51. Kf4+ Kf6 52. Ke4 g5 53. Rf3+ Ke6 54. Rf5 Rae1+ 55. Kf3 Rxh3+ 56. Kg2 Rxd3 57. Rxc5 Rxb3 58. Rxg5 Rc1 59. Rxh5 Rxc4 60. Rh6+ Kf5 61. Rh8 Rg4+ 62. Kf1 Rb1+ 63. Ke2 Re4+ 64. Kd3 Rb3+ 65. Kc2 Rb6 66. Rf8+ Kg4 67. f3+ Kg5 68. fxe4 Rd6 69. Rf5+ Kg6 70. Rf1 Rd8 71. Kc3 Rd7 72. e5 Rd8 73. Kc4 Rd2 74. e6 Re2 75. Kd5 Rd2+ 76. Kc4 Re2 77. Kd5 Rd2+ 78. Ke5 Re2+ 79. Kd6 Rd2+ 80. Ke7 Re2 81. Rf6+ Kg7 82. Rf5 Kg6 83. Rf1 Re3 84. Rf7 Re2 85. Kd7 Rd2+ 86. Ke8 Ra2 87. Rf1 Ra8+ 88. Kd7 Ra7+ 89. Kd6 Ra6+ 90. Kd5 Ra5+ 91. Kc4 Re5 92. Kd4 Rxe6 93. Rg1+ Kf7 94. Rf1+ Kg7 95. Kd5 Re2 96. Kc4 Rd2 97. Kc3 Rd8 98. Kc2 Rd7 99. Rf3 Kg6 100. Kc1 Re7 101. Rf1 Ra7 102. Kd2 Re7 103. Kd3 Kh6 104. Rf3 Kg6 105. Kd4 Kg7 106. Kd5 Re2 107. Rf4 Re8 108. Rf3 Re2 109. Rf1 Re8 110. Kd4 Re2 1/2-1/2

[Event "BRA-ch Amateur U1800"]
[Site "Sao Paulo"]
[Date "2017.10.14"]
[Round "5"]
[White "Campos, Westerley Batista"]
[Black "Miranda, Rafael Souza"]
[Result "0-1"]
[WhiteElo "1782"]
[BlackElo "1721"]
[PlyCount "110"]
[EventDate "2017.10.12"]
[EventType "swiss"]
[EventRounds "7"]
[EventCountry "BRA"]
[SourceTitle "EXT 2019"]
[Source "ChessBase"]
[SourceDate "2018.10.10"]
[SourceVersion "1"]
[SourceVersionDate "2018.10.10"]
[SourceQuality "1"]

1. d4 Nf6 2. Bf4 g6 3. Nf3 Bg7 4. e3 0-0 5. Be2 d6 6. h3 b6 7. a4 c5 8. c3 Bb7 9. 0-0 Nbd7 10. a5 a6 11. axb6 Qxb6 12. Ra3 Bc6 13. Qb3 Rfb8 14. Nbd2 Bd5 15. c4 Bc6 16. d5 Qxb3 17. Nxb3 Bb7 18. Rb1 Ne4 19. Ne1 g5 20. Bh2 Ne5 21. f4 gxf4 22. exf4 Ng6 23. Bf3 f5 24. Bxe4 fxe4 25. Nd2 Bc8 26. Ra2 Bd4+ 27. Kh1 e3 28. Ndf3 Bf5 29. Rd1 Bxb2 30. g4 Be4 31. Kg1 h6 32. f5 Ne5 33. Bxe5 dxe5 34. Kf1 Bd4 35. Ke2 Rb4 36. Nxd4 exd4 37. Rc1 a5 38. Nd3 Bxd3+ 39. Kxd3 Kf7 40. h4 a4 41. g5 h5 42. Rf1 a3 43. f6 Rb2 44. fxe7+ Kxe7 45. Raa1 Rd2+ 46. Ke4 e2 47. d6+ Kxd6 48. Rf6+ Ke7 49. Kd5 Rd8+ 50. Kxc5 Rd1 51. Rxa3 e1Q 52. Ra7+ Rd7 53. Raa6 Qe5+ 54. Kb4 Rb7+ 55. Ka4 Ra1# 0-1

[Event "BRA-ch Amateur U1800"]
[Site "Sao Paulo"]
[Date "2017.10.14"]
[Round "6"]
[White "Martins, Diogo Henrique"]
[Black "Campos, Westerley Batista"]
[Result "0-1"]
[WhiteElo "1659"]
[BlackElo "1782"]
[PlyCount "76"]
[EventDate "2017.10.12"]
[EventType "swiss"]
[EventRounds "7"]
[EventCountry "BRA"]
[SourceTitle "EXT 2019"]
[Source "ChessBase"]
[SourceDate "2018.10.10"]
[SourceVersion "1"]
[SourceVersionDate "2018.10.10"]
[SourceQuality "1"]

1. e4 e6 2. d3 d5 3. Nd2 Be7 4. g3 Nf6 5. Bg2 c5 6. Ngf3 Nc6 7. 0-0 0-0 8. Re1 b5 9. e5 Nd7 10. Nf1 Bb7 11. h4 Qb6 12. N1h2 Nd4 13. h5 f6 14. Ng4 Nxf3+ 15. Bxf3 fxe5 16. Nxe5 Nxe5 17. Rxe5 Bf6 18. Re1 c4 19. Qe2 Rae8 20. g4 Bh4 21. Rf1 e5 22. Bg2 cxd3 23. cxd3 b4 24. a4 a5 25. Qe3 Qd6 26. g5 Rf4 27. Qa7 Ba6 28. Bxf4 exf4 29. Qd4 Rd8 30. h6 gxh6 31. gxh6 Bf6 32. Bxd5+ Kh8 33. Qe4 Qxd5 34. Qxd5 Rxd5 35. Kg2 Bb7 36. f3 Bd4 37. Rh1 Rg5+ 38. Kh3 Bxf3 0-1

[Event "Goiania zt"]
[Site "Goiania"]
[Date "2017.08.20"]
[Round "6"]
[White "Campos, Westerley Batista"]
[Black "Rosa, Paulo Estevao"]
[Result "1/2-1/2"]
[WhiteElo "1756"]
[BlackElo "1895"]
[PlyCount "49"]
[EventDate "2017.08.18"]
[EventType "swiss"]
[EventRounds "6"]
[EventCountry "BRA"]
[SourceTitle "CBM 180 Extra"]
[Source "ChessBase"]
[SourceDate "2017.10.06"]
[SourceVersion "1"]
[SourceVersionDate "2017.10.06"]
[SourceQuality "1"]

1. d4 Nf6 2. Nf3 e6 3. Bf4 c5 4. e3 b6 5. Bd3 Bb7 6. h3 Nc6 7. c3 Be7 8. a4 d6 9. 0-0 0-0 10. Nbd2 cxd4 11. exd4 a6 12. Re1 Re8 13. Ne4 Nxe4 14. Bxe4 Qc7 15. Ng5 Bxg5 16. Bxg5 f6 17. Bd2 Na5 18. Bd3 Nc4 19. Rb1 e5 20. b3 Nxd2 21. Qxd2 Rac8 22. c4 exd4 23. Bf5 Rcd8 24. Qxd4 Qc5 25. Qd3 1/2-1/2

[Event "Goiania zt"]
[Site "Goiania"]
[Date "2017.08.19"]
[Round "4"]
[White "Campos, Westerley Batista"]
[Black "Correa, Lorenna Martins"]
[Result "1-0"]
[WhiteElo "1756"]
[BlackElo "1636"]
[PlyCount "85"]
[EventDate "2017.08.18"]
[EventType "swiss"]
[EventRounds "6"]
[EventCountry "BRA"]
[SourceTitle "CBM 180 Extra"]
[Source "ChessBase"]
[SourceDate "2017.10.06"]
[SourceVersion "1"]
[SourceVersionDate "2017.10.06"]
[SourceQuality "1"]

1. d4 d5 2. Bf4 Nf6 3. e3 e6 4. Bd3 c5 5. c3 cxd4 6. exd4 Bd6 7. Bxd6 Qxd6 8. Nf3 0-0 9. 0-0 Nc6 10. Re1 a6 11. Nbd2 b5 12. Ne5 b4 13. f4 bxc3 14. bxc3 Ne7 15. Qf3 Ng6 16. g4 Nd7 17. Qg3 Ngxe5 18. fxe5 Qe7 19. g5 a5 20. h4 Rd8 21. h5 Nf8 22. Re3 Ba6 23. Bc2 Rab8 24. Nb3 Qa3 25. Qf2 Bc4 26. Rae1 Rdc8 27. h6 Qe7 28. hxg7 Ng6 29. Qf6 Qxf6 30. gxf6 a4 31. Nc5 Rb2 32. Bxa4 Rxa2 33. Bd7 Rb8 34. Nxe6 Rbb2 35. Rg3 Bb5 36. Bxb5 Rxb5 37. Nc7 Rba5 38. Rb1 Ra1 39. Rxa1 Rxa1+ 40. Kf2 Nf4 41. Ke3 Ng6 42. Nxd5 Nh4 43. Ne7# 1-0

[Event "Sao Paulo op-B U2050 6th"]
[Site "Sao Paulo"]
[Date "2017.04.14"]
[Round "2"]
[White "Cardozo, Matheus Santos"]
[Black "Campos, Westerley Batista"]
[Result "1/2-1/2"]
[WhiteElo "1843"]
[BlackElo "1744"]
[PlyCount "104"]
[EventDate "2017.04.14"]
[EventType "swiss"]
[EventRounds "6"]
[EventCountry "BRA"]
[SourceTitle "EXT 2019"]
[Source "ChessBase"]
[SourceDate "2018.10.10"]
[SourceVersion "1"]
[SourceVersionDate "2018.10.10"]
[SourceQuality "1"]

1. d4 d5 2. c4 dxc4 3. e4 e5 4. Nf3 exd4 5. Nxd4 c5 6. Nb5 Qxd1+ 7. Kxd1 Na6 8. Bxc4 Bd7 9. N1c3 0-0-0 10. Ke2 f5 11. Nxa7+ Kb8 12. Nab5 fxe4 13. Bf4+ Ka8 14. Nxe4 Bc6 15. f3 Nf6 16. Nxf6 gxf6 17. Rad1 Be7 18. Nc3 Nb4 19. Bb3 b5 20. Rxd8+ Rxd8 21. Rd1 c4 22. Rxd8+ Bxd8 23. Bd6 cxb3 24. Bxb4 bxa2 25. Nxa2 Bd5 26. Nc3 Bc4+ 27. Kf2 Bb6+ 28. Kg3 Bd4 29. h3 Kb7 30. Kg4 Bf1 31. g3 Kc6 32. h4 Kd7 33. Kf4 Bd3 34. g4 Ke6 35. Ba3 Bf2 36. h5 Bd4 37. Ne4 Bc4 38. Nc5+ Kd5 39. Ne4 Ke6 40. g5 Be5+ 41. Ke3 b4 42. Bxb4 Bxb2 43. f4 fxg5 44. Nxg5+ Kf5 45. Nxh7 Bc1+ 46. Bd2 Bxd2+ 47. Kxd2 Kxf4 48. h6 Be6 49. Nf8 Bf5 50. Ne6+ Kg4 51. Nf8 Kh5 52. Ng6 Kxh6 1/2-1/2

[Event "Caldas Novas op 1st"]
[Site "Caldas Novas"]
[Date "2017.03.12"]
[Round "5"]
[White "Santos, Luciano da Silva"]
[Black "Campos, Westerley Batista"]
[Result "1/2-1/2"]
[WhiteElo "1880"]
[BlackElo "1729"]
[PlyCount "23"]
[EventDate "2017.03.10"]
[EventType "swiss"]
[EventRounds "6"]
[EventCountry "BRA"]
[SourceTitle "CBM 177 Extra"]
[Source "ChessBase"]
[SourceDate "2017.04.27"]
[SourceVersion "1"]
[SourceVersionDate "2017.04.27"]
[SourceQuality "1"]

1. d4 d5 2. f4 Bf5 3. Nf3 Nf6 4. e3 e6 5. Bd3 Ne4 6. Nbd2 Nxd2 7. Qxd2 Bxd3 8. Qxd3 c5 9. Ne5 c4 10. Qe2 Nd7 11. e4 Nxe5 12. dxe5 1/2-1/2

[Event "Caldas Novas op 1st"]
[Site "Caldas Novas"]
[Date "2017.03.11"]
[Round "3"]
[White "Campos, Westerley Batista"]
[Black "Gomes, Carlos"]
[Result "1-0"]
[WhiteElo "1729"]
[BlackElo "1570"]
[PlyCount "65"]
[EventDate "2017.03.10"]
[EventType "swiss"]
[EventRounds "6"]
[EventCountry "BRA"]
[SourceTitle "CBM 177 Extra"]
[Source "ChessBase"]
[SourceDate "2017.04.27"]
[SourceVersion "1"]
[SourceVersionDate "2017.04.27"]
[SourceQuality "1"]

1. Nf3 c5 2. d4 cxd4 3. Nxd4 Nf6 4. c3 a6 5. Bf4 d6 6. Bg3 e6 7. f3 Be7 8. e4 Qc7 9. Bd3 Nbd7 10. Qe2 Nh5 11. Nd2 Nxg3 12. hxg3 b6 13. f4 Bb7 14. f5 e5 15. N4f3 g6 16. g4 g5 17. Nc4 b5 18. Ne3 Nb6 19. Rd1 Bc6 20. Qc2 Qb7 21. Nd2 0-0-0 22. c4 f6 23. Nd5 Bxd5 24. cxd5+ Kb8 25. Nb3 Rc8 26. Na5 Qc7 27. Nc6+ Ka8 28. a4 Kb7 29. axb5 axb5 30. Bxb5 Ra8 31. Bd3 Bd8 32. 0-0 Rg8 33. Ra1 1-0

[Event "Caldas Novas op 1st"]
[Site "Caldas Novas"]
[Date "2017.03.11"]
[Round "4"]
[White "Campos, Westerley Batista"]
[Black "Leite, Coraci de Jesus"]
[Result "1-0"]
[WhiteElo "1729"]
[BlackElo "1858"]
[PlyCount "117"]
[EventDate "2017.03.10"]
[EventType "swiss"]
[EventRounds "6"]
[EventCountry "BRA"]
[SourceTitle "CBM 177 Extra"]
[Source "ChessBase"]
[SourceDate "2017.04.27"]
[SourceVersion "1"]
[SourceVersionDate "2017.04.27"]
[SourceQuality "1"]

1. d4 Nf6 2. Bf4 d6 3. e3 g6 4. h3 Bg7 5. Nf3 0-0 6. Be2 Nbd7 7. 0-0 b6 8. a4 Bb7 9. c3 Ne4 10. Nbd2 Kh8 11. a5 f6 12. Nxe4 Bxe4 13. Nd2 Bb7 14. a6 Bc8 15. Qc2 e5 16. Bh2 f5 17. dxe5 Nxe5 18. Rfd1 Bd7 19. Nb3 Qe7 20. Nd4 Rad8 21. Nb5 Be8 22. Qd2 Bxb5 23. Bxb5 Nd7 24. Qd5 Nc5 25. Ra3 Ne4 26. Bc6 Qh4 27. Rf1 Qe7 28. Ra4 Rf7 29. Qd1 Qf6 30. Bxe4 fxe4 31. Rxe4 Rdf8 32. Qd5 Qf5 33. Qxf5 Rxf5 34. Re7 R5f7 35. Rxf7 Rxf7 36. e4 Kg8 37. f3 Kf8 38. Kf2 Ke7 39. Ke2 Kd7 40. Kd3 Kc6 41. b4 Kb5 42. Ra1 Rd7 43. Kc2 Kc4 44. Ra3 Re7 45. Rb3 c6 46. Bxd6 Re8 47. Rb1 Bxc3 48. Rb3 Be5 49. Bxe5 Rxe5 50. Rc3+ Kb5 51. Kb3 Re7 52. Kc2 Rc7 53. e5 Kxb4 54. f4 c5 55. g4 Re7 56. Re3 c4 57. f5 gxf5 58. gxf5 Kc5 59. f6 1-0